| 000 | 00750nam a22002417a 4500 | ||
|---|---|---|---|
| 005 | 20190323114847.0 | ||
| 008 | 190323b xxu||||| |||| 00| 0 eng d | ||
| 020 |
_a8173814376 _cRs.835.00 |
||
| 040 | _aLoreto College | ||
| 041 | _aEnglish | ||
| 082 |
_a515.3 _bGHO |
||
| 100 | _aGhosh, Ram Krishna | ||
| 245 |
_aAn introduction to analysis differential calculus _bPart-I _cRam Krishna Ghosh,Kantish Chandra Maity and Kartick Chandra Pal |
||
| 260 |
_aKolkata _bNew Central Book Agency _c2011 |
||
| 300 |
_a1265 p. _b24 cm. |
||
| 504 | _aIncludes index | ||
| 650 | _aMathematics | ||
| 650 | _aDifferential Calculus | ||
| 700 |
_4Auth _aMaity, Kantish Chandra |
||
| 700 |
_4Auth _aPal, Kartick Chandra |
||
| 850 | _aLCLIB | ||
| 942 | _cBK | ||
| 999 |
_c42026 _d92505 |
||